000 00444cam a2200157 a 4500
020 _a0845142283 (pbk.)
050 0 0 _aQR181
_b.B39 1988
100 1 _aBenjamini, Eli.
245 1 0 _aImmunology :
_ba short course /
_cEli Benjamini, Sidney Leskowitz.
260 _aNew York :
_bLiss,
_cc1988.
300 _axxi, 390 p. :
500 _aIncludes index.
650 _xImmunology ;
_xImmune response.
700 1 _aLeskowitz, Sidney.
942 _2lcc
_cGEN
999 _c9335
_d9335